000 01254cad a22002415a 4500
001 E145844
008 081112s2008 xxk f a000 0 eng d
035 _a(Sirsi) u145844
041 0 _aeng
110 2 _aScotland
_kLaws, etc
245 0 4 _aThe Valuation for Rating (Plant and Machinery) (Scotland) Amendment Regulations 2008
_h[electronic resource]
260 _aEdinburgh
_bScottish Government
_c2008
490 0 _aScottish Statutory Instrument
_v2008: 360
520 _aComes into force on 1 January 2009. The Regulations amend the Valuation for Rating (Plant and Machinery) (Scotland) Regulations 2000, which set out details of the plant and machinery which is to be assumed to be part of lands and heritages for the purposes of valuation for non-domestic rating.
521 _aAdvanced
590 _aKA
650 2 4 _aVALUATION FOR RATING (PLANT AND MACHINERY) (SCOTLAND) REGULATIONS 2000
650 2 4 _aVALUATION FOR RATING (PLANT AND MACHINERY) (SCOTLAND) AMENDMENT REGULATIONS 2008
651 4 _aScotland
_y1999-
690 _aPROPERTY-PROPERTY APPRAISAL AND VALUATION
856 4 0 _uhttps://www.opsi.gov.uk/legislation/scotland/ssi2008/ssi_20080360_en_1
_zView the statutory instrument free of charge at www.opsi.gov.uk...
942 _n0
999 _c108941
_d108941